Trable s "vládou" korporací

Nevyjasnený problém ako vykonávať moc a kontrolu z pozície súkromného vlastníctva. Kľúčovým problémom je správa akciových spoločností (corporate governance). Pojem korporácie. Vláda korporácií. Modely správy. Americký a nemecký model správy. Preberanie vlastníctva (takeover). Zodpovednosť a zúčtovat...

Descrizione completa

Salvato in:
Dettagli Bibliografici
Autore principale: Jirásek, J.
Natura: Capitolo di libro
Lingua:ceco
Soggetti:
Tags: Aggiungi Tag
Nessun Tag, puoi essere il primo ad aggiungerne!!

MARC

LEADER 00000naa a2200000 4500
001 r022026
005 20230922083932.6
041 0 |a cze 
044 |a CZ 
245 1 0 |a Trable s "vládou" korporací  |c J. Jirásek 
520 |a Nevyjasnený problém ako vykonávať moc a kontrolu z pozície súkromného vlastníctva. Kľúčovým problémom je správa akciových spoločností (corporate governance). Pojem korporácie. Vláda korporácií. Modely správy. Americký a nemecký model správy. Preberanie vlastníctva (takeover). Zodpovednosť a zúčtovateľnosť korporácie. Etický kódex. 
610 2 0 |a korporácie 
610 2 0 |a spoločnosti akciové 
610 2 0 |a spoločnosti kapitálové 
610 2 0 |a vlastníctvo súkromné 
610 2 0 |a manažment 
610 2 0 |a rady dozorné 
610 2 0 |a zhromaždenia valné 
610 2 0 |a USA 
610 2 0 |a Nemecko 
610 2 0 |a správa podniku 
100 1 |a Jirásek, J.